000 00842nam a2200277 i 4500
001 000003346
003 DO-SdBNP
005 20230726112446.0
007 ta
008 090708s2009 pr 000 p spa d
020 _a9789945455205
040 _aDO-SdBNP
_bspa
_cBNPHU
_erda
082 4 _aRD861.5
_bR555m
_222
100 1 _aRieke, Karina,
_d1971-
_910486
245 1 0 _aMitología del instante /
_cKarina Rieke ; corrección, José María Seibó.
264 _aSan Juan, Puerto Rico :
_bIsla Negra,
_c2009.
300 _a69 páginas ;
_c22 cm.
490 0 _aFilo de Fuego
500 _aIncluye índice
590 _aInventariado, 2023/MFF
650 4 _aPoesía dominicana
650 4 _aLiteratura dominicana
700 1 _aSeibó, José María,
_ecorrección
_97821
910 _aValidado. Control de calidad MFF
942 _2ddc
_cLBS1
999 _c3177
_d3177